Every team to play in the English rugby Premiership - Statistics

General Stats
  • This quiz has been taken 66 times
  • The average score is 14 of 19
Answer Stats
Answer % Correct
Bristol
98%
Exeter chiefs
98%
Leicester tigers
96%
London Irish
96%
London Welsh
96%
Bath
94%
Newcastle Red Bulls
94%
Harlequins
92%
Saracens
92%
Sale Sharks
90%
Gloucester
88%
Northampton Saints
86%
Worcester Warriors
82%
Wasps
74%
Leeds Tykes / Yorkshire Carnegie
42%
Bedford blues
36%
Richmond
34%
West Hartlepool
8%
Rotheram Titans
0%
No matching quizzes found
Score Distribution
Percent of People with Each Score
Percentile by Number Answered
Your Score History
You have not taken this quiz